[Event "World Team-ch Women 2019"]
[Site "Astana"]
[Date "2019.03.14"]
[Round "9.1"]
[White "Muzychuk, Mariya"]
[Black "Tan, Zhongyi"]
[Result "1/2-1/2"]
[WhiteElo "2560"]
[BlackElo "2513"]
[Annotator "TA"]
[PlyCount "80"]
[EventDate "2019.02.05"]
[EventType "team-tourn"]
[EventCountry "KAZ"]
[SourceTitle "playchess.com"]
[Source "ChessBase"]
[SourceQuality "1"]
[WhiteTeam "Ukraine"]
[BlackTeam "China"]
[WhiteTeamCountry "UKR"]
[BlackTeamCountry "CHN"]

{[%evp 18,80,18,20,24,10,13,0,16,8,27,5,8,9,31,22,28,28,24,29,23,8,15,8,6,16,16,0,7,5,18,0,0,0,0,0,0,0,0,0,0,0,0,0,0,0,0,0,0,0,0,0,0,0,0,0,0,0,0,0,0,0,0,0,0]} 1. e4 e5 2. Nf3 Nc6 3. Bb5 Nf6 4. O-O Nxe4 5. Re1 Nd6 6. Nxe5 Be7 7. Bf1 Nxe5 8. Rxe5 O-O 9. d4 Bf6 10. Re1 Re8 {C67: Ruy Lopez: Berlin Defence: 4 0-0 Nxe4} 11. Rxe8+ Nxe8 12. d5 d6 13. Nd2 Bg5 {[#]} 14. Ne4 $146 ({Predecessor:} 14. c4 Nf6 15. h3 Bf5 16. Nf3 Bxc1 17. Rxc1 Qd7 18. Nd4 {½-½ (68) Giri,A (2782)-Karjakin,S (2782) Leuven 2018}) 14... Bxc1 15. Rxc1 Qh4 16. Qf3 Qg4 17. Qxg4 Bxg4 18. c4 b6 19. Bd3 Bf5 {The position is equal.} 20. f3 Bxe4 21. Bxe4 $11 {[%mdl 4096] Endgame KRB-KRN} Nf6 22. Bd3 Re8 23. Kf2 g6 24. Re1 Rxe1 25. Kxe1 {KB-KN} Nd7 26. Kd2 Kg7 27. Kc3 Kf6 28. Kd4 Ne5 29. Be4 h5 30. f4 Nd7 31. h4 a5 32. b3 Ke7 33. a3 Nf6 34. Bf3 Ne8 35. b4 axb4 36. axb4 Ng7 37. g4 hxg4 38. Bxg4 Kf6 39. Ke4 Nf5 40. Bxf5 $1 gxf5+ {Accuracy: White = 73%, Black = 78%.} 1/2-1/2

[Event "World Team-ch Women 2019"]
[Site "Astana"]
[Date "2019.03.14"]
[Round "9.2"]
[White "Shen, Yang"]
[Black "Muzychuk, Anna"]
[Result "1-0"]
[WhiteElo "2453"]
[BlackElo "2555"]
[Annotator "TA"]
[PlyCount "89"]
[EventDate "2019.02.05"]
[EventType "team-tourn"]
[EventCountry "KAZ"]
[SourceTitle "playchess.com"]
[Source "ChessBase"]
[SourceQuality "1"]
[WhiteTeam "China"]
[BlackTeam "Ukraine"]
[WhiteTeamCountry "CHN"]
[BlackTeamCountry "UKR"]

{[%evp 30,89,36,0,0,0,0,0,14,10,20,5,11,0,0,0,0,8,20,29,104,100,98,118,104,105,131,131,131,131,132,132,132,132,191,189,190,187,197,196,222,222,222,222,235,222,222,209,216,196,261,263,258,227,219,213,329,329,329,329,329,304]} 1. d4 f5 2. g3 Nf6 3. Bg2 g6 4. Nf3 Bg7 5. O-O O-O 6. b3 d6 7. Bb2 Ne4 8. c4 Nc6 9. Nc3 Nxc3 10. Bxc3 e5 11. dxe5 dxe5 12. Qd5+ Kh8 13. Qxd8 {A89: Dutch Defence: Leningrad System: 5 Nf3 0-0 6 0-0 d6 7 Nc3 Nc6} (13. Qc5 Re8 14. Rad1 Qe7 15. Qxe7 Rxe7 16. Rd2 Kg8 17. Rfd1 h6 18. e4 g5 19. exf5 Bxf5 20. h3 Bg6 21. Rd7 Rae8 22. Rxe7 Rxe7 23. Nd2 e4 24. Bxg7 Kxg7 25. Re1 Nb4 {½-½ (25) Baumbach,F (2495)-Langeveld,R (2681) ICCF email 2006}) 13... Rxd8 14. Ng5 Re8 15. Bxc6 bxc6 16. Rfd1 {LiveBook: 8 Games} Kg8 17. Rd2 $146 ({Predecessor:} 17. f4 exf4 18. Bxg7 Kxg7 19. gxf4 h6 20. Nf3 Rxe2 {0-1 (39) Bernard,C (2327)-Koziak,V (2493) Le Touquet 2011}) 17... h6 18. Nf3 a5 19. Rad1 {Black should prevent Rd8.} Bf6 20. Ne1 Kf7 21. f4 e4 22. Bxf6 Kxf6 23. Nc2 Be6 24. Nd4 Ra6 (24... Bd7 $11) 25. Nxe6 $16 Kxe6 {[%mdl 4096] Endgame KRR-KRR} 26. Rd7 Re7 27. Rd8 a4 28. b4 a3 29. c5 Ra4 {[#]} 30. R1d4 $1 Kf7 31. Rc8 Ke6 (31... h5 $16) 32. Kf2 $18 Rd7 33. Re8+ Kf7 34. Rexe4 (34. Rxd7+ $6 Kxe8 35. Rxc7 Rxb4) 34... Rxd4 35. Rxd4 {KR-KR} Ke7 36. Kf3 h5 37. h3 Ra8 38. Rd3 Ke6 39. e4 fxe4+ (39... Ra4 $142 40. Rb3 Ra8) 40. Kxe4 Rb8 41. Rb3 (41. Rxa3 Rxb4+ 42. Kf3 Rc4 $14) 41... Kf6 42. Kd4 (42. Rxa3 $6 Rxb4+ 43. Ke3 Ke6 $16) 42... h4 (42... Kf5 $142 43. Kc4 (43. Rxa3 Rxb4+ 44. Kc3 Re4 $16) 43... Re8) 43. gxh4 {White has a decisive advantage.} Kf5 44. Kc4 ({Not} 44. Rxa3 Rxb4+ 45. Kc3 Rxf4 $14) 44... Re8 {intending ...Re4+.} 45. Rf3 {Accuracy: White = 77%, Black = 43%.} ({Don't take} 45. Rxa3 Re4+ 46. Kb3 Ke6 $18) 1-0

[Event "World Team-ch Women 2019"]
[Site "Astana"]
[Date "2019.03.14"]
[Round "9.3"]
[White "Ushenina, Anna"]
[Black "Lei, Tingjie"]
[Result "0-1"]
[WhiteElo "2443"]
[BlackElo "2477"]
[Annotator "RC"]
[PlyCount "100"]
[EventDate "2019.02.05"]
[EventType "team-tourn"]
[EventCountry "KAZ"]
[SourceTitle "playchess.com"]
[Source "ChessBase"]
[SourceQuality "1"]
[WhiteTeam "Ukraine"]
[BlackTeam "China"]
[WhiteTeamCountry "UKR"]
[BlackTeamCountry "CHN"]
[TimeControl "40/5400+30:1800+30"]

1. d4 {[%emt 0:00:00]} Nf6 {[%emt 0:00:00]} 2. c4 {[%emt 0:00:10]} e6 {[%emt 0:00:00]} 3. Nf3 {[%emt 0:02:00]} d5 {[%emt 0:00:53]} 4. g3 {[%emt 0:00:07]} Be7 {[%emt 0:00:06]} 5. Bg2 {[%emt 0:00:08]} O-O {[%emt 0:00:08]} 6. O-O {[%emt 0:00:03]} dxc4 {[%emt 0:00:07]} 7. Qc2 {[%emt 0:01:19]} a6 {[%emt 0:00:11]} 8. a4 {[%emt 0:00:07]} Bd7 {[%emt 0:00:07]} 9. Rd1 {[%emt 0:02:48]} Bc6 {[%emt 0:00:40]} 10. Bg5 {[%emt 0:00:23]} b5 {[%emt 0:15:21]} 11. Bxf6 {[%emt 0:00:39]} Bxf6 {[%emt 0:00:05]} 12. Nc3 {[%emt 0:00:07]} Qe8 {[%emt 0:02:55]} 13. d5 {[%emt 0:03:47]} Bxd5 {[%emt 0:19:55]} 14. axb5 {[%emt 0:26:10]} Nd7 {[%emt 0:00:34]} 15. bxa6 {[%emt 0:18:52]} Nb6 {[%emt 0:08:00]} 16. e4 {[%emt 0:09:01]} Bc6 {[%emt 0:00:05]} 17. e5 {[%emt 0:01:20]} Be7 {[%emt 0:00:11]} 18. Nd4 {[%emt 0:00:05]} Bd5 {[%emt 0:04:30]} 19. Be4 {[%emt 0:04:28]} g6 {[%emt 0:03:10]} 20. h4 {[%emt 0:05:39]} c6 {[%emt 0:05:42]} 21. h5 {[%emt 0:03:51]} Bc5 {[%emt 0:05:32]} 22. Qe2 {[%emt 0:01:28]} Bxd4 {[%emt 0:08:57]} 23. Rxd4 {[%emt 0:00:15]} Qb8 {[%emt 0:01:02]} 24. Bc2 {[%emt 0:11:05]} Nd7 {[%emt 0:00:37]} 25. Re1 {[%emt 0:00:06]} Qxb2 {[%emt 0:04:27]} 26. Qd2 {[%emt 0:00:28]} Rxa6 {[%emt 0:06:42]} 27. Nd1 {[%emt 0:04:21]} Qb8 {[%emt 0:03:06]} 28. Qg5 {[%emt 0:01:55]} Kg7 {[%emt 0:06:26]} 29. hxg6 {[%emt 0:02:25]} hxg6 {[%emt 0:00:08]} 30. Rh4 {[%emt 0:00:10]} Rh8 {[%emt 0:00:09]} 31. Bxg6 {[%emt 0:00:06]} Qd8 {[%emt 0:02:32]} 32. Qxd8 {[%emt 0:00:04]} Rxd8 {[%emt 0:00:04]} 33. Bh5 {[%emt 0:00:02]} Ra1 {[%emt 0:01:42]} 34. Kf1 {[%emt 0:00:44]} Rh8 {[%emt 0:01:34]} 35. f4 {[%emt 0:01:03]} f6 {[%emt 0:01:03]} 36. Ne3 {[%emt 0:02:04]} Rxe1+ {[%emt 0:00:12]} 37. Kxe1 {[%emt 0:00:02]} fxe5 {[%emt 0:00:43]} 38. f5 {[%emt 0:00:14]} exf5 {[%emt 0:00:45]} 39. Nxf5+ {[%emt 0:00:06]} Kf6 {[%emt 0:00:08]} 40. Ne3 {[%emt 0:00:00]} Kg5 {[%emt 0:00:00]} 41. Rg4+ {[%emt 0:01:47]} Kf6 {[%emt 0:01:10]} 42. Rg6+ {[%emt 0:01:59]} Ke7 {[%emt 0:01:46]} 43. Rg5 {[%emt 0:05:12]} Kd6 {[%emt 0:03:46]} 44. Bg4 {[%emt 0:03:02]} Nb6 {[%emt 0:03:47]} 45. Bh5 {[%emt 0:02:52]} c3 {[%emt 0:04:26]} 46. g4 {[%emt 0:00:09]} Nc4 {[%emt 0:02:24]} 47. Ke2 {[%emt 0:01:47]} Nxe3 {[%emt 0:00:37]} 48. Kxe3 {[%emt 0:00:02]} c2 {[%emt 0:00:07]} 49. Kd2 {[%emt 0:00:05]} Be4 {[%emt 0:00:05]} 50. Rg7 {[%emt 0:01:01]} Ke6 {[%emt 0:01:30]} 0-1

[Event "World Team-ch Women 2019"]
[Site "Astana"]
[Date "2019.03.14"]
[Round "9.4"]
[White "Ding, Yixin"]
[Black "Gaponenko, Inna"]
[Result "1-0"]
[WhiteElo "2432"]
[BlackElo "2427"]
[Annotator "TA"]
[PlyCount "81"]
[EventDate "2019.02.05"]
[EventType "team-tourn"]
[EventCountry "KAZ"]
[SourceTitle "playchess.com"]
[Source "ChessBase"]
[SourceQuality "1"]
[WhiteTeam "China"]
[BlackTeam "Ukraine"]
[WhiteTeamCountry "CHN"]
[BlackTeamCountry "UKR"]

{[%evp 24,81,0,0,22,27,19,14,23,27,27,35,22,20,28,23,30,20,19,19,12,0,0,0,28,23,21,0,16,8,8,-43,64,64,233,241,304,267,214,80,123,122,127,123,123,129,118,120,132,121,138,135,525,180,180,180,180,180,29984,29985]} 1. e4 c5 2. Nf3 Nc6 3. Nc3 g6 4. d4 cxd4 5. Nxd4 Bg7 6. Be3 Nf6 7. Bc4 O-O 8. Bb3 d6 9. h3 Na5 10. O-O b6 11. Re1 Nxb3 12. axb3 Bb7 13. Bg5 h6 {B72: Sicilian Dragon: 6 Be3, lines with h3+Bc4 and sidelines} (13... Re8 14. Qd2 a6 15. Bh6 Bh8 16. Rad1 Rc8 17. Qe3 Qc7 18. Nde2 b5 19. b4 a5 20. Nxb5 Qxc2 21. bxa5 Qxe4 22. Qxe4 Nxe4 {½-½ (41) Azarov,S (2567)-Guseinov,G (2646) chess.com INT 2018}) 14. Bh4 a6 15. Nd5 e6 {The position is equal.} (15... Re8 {looks sharper.} 16. c4 Nd7 17. Qd2 Rc8 18. f3 b5) 16. Nxf6+ Bxf6 17. Bxf6 Qxf6 18. c4 Rac8 $146 19. Qd3 Qg5 20. Rad1 Rfd8 21. Re3 Qc5 22. Rg3 {aiming for Nxe6!} Qe5 23. Re1 Kg7 24. Qc3 Kh7 25. Kh1 Rd7 26. Qd2 b5 ({Avoid the trap} 26... Bxe4 $2 27. f4 $18) 27. f4 ({White should try} 27. cxb5 $11 axb5 28. Rd3) 27... Qh5 (27... Qf6 $1 $15) 28. Nf3 $14 Rcc7 $2 (28... f6 $14) 29. Rg4 $1 $18 Qc5 30. Rh4 h5 {[#]} 31. Ng5+ (31. f5 $1 $18 {[%mdl 512]}) 31... Kg8 32. f5 $1 {[%cal Rf5e6]} exf5 33. exf5 Re7 34. Rxe7 Rxe7 35. fxg6 $1 fxg6 36. Rd4 Qf5 {White must now prevent ...Qf1+.} 37. Rxd6 {Strongly threatening c5!} h4 $2 {[%mdl 8192] [#]} (37... Re5 $16 {is more resistant.}) 38. Rd8+ $2 (38. c5 $1 {[%mdl 512]}) 38... Kg7 {intending ...Bxg2+.} 39. Qd4+ {[%mdl 64] Double Attack} Re5 {[#] ...Qf1+ is the strong threat.} 40. Qd7+ $1 ({Don't play} 40. Rd7+ Kg8 $16) 40... Kh6 $2 (40... Qxd7 $18 41. Rxd7+ Kg8) 41. Nf7+ {[%mdl 64] Double Attack. Accuracy: White = 60%, Black = 26%.} 1-0

[Event "World Team-ch Women 2019"]
[Site "Astana"]
[Date "2019.03.14"]
[Round "9.5"]
[White "Khotenashvili, Bela"]
[Black "Lagno, Kateryna"]
[Result "1/2-1/2"]
[WhiteElo "2474"]
[BlackElo "2559"]
[Annotator "TA"]
[PlyCount "135"]
[EventDate "2019.02.05"]
[EventType "team-tourn"]
[EventCountry "KAZ"]
[SourceTitle "playchess.com"]
[Source "ChessBase"]
[SourceQuality "1"]
[WhiteTeam "Georgia"]
[BlackTeam "Russia"]
[WhiteTeamCountry "GEO"]
[BlackTeamCountry "RUS"]

{[%evp 9,135,-11,28,-10,46,29,38,29,27,-101,-93,-118,-118,-116,-130,-143,-144,-143,-146,-137,-134,-142,-139,-137,-100,-100,-84,-97,-98,-103,-103,-105,-100,-99,-100,-102,-102,-93,-95,-106,-95,-105,-49,-49,-50,-81,-71,-131,-131,-135,-97,-98,-115,-114,-115,-107,-92,-415,-175,-218,-146,-176,-146,-175,-146,-146,-145,-146,-52,-52,-52,-52,-52,-52,-52,-52,-52,-52,-52,-52,-52,-52,-52,-61,-61,-61,-52,-62,-46,-61,-62,-68,0,0,0,0,0,0,0,0,0,0,0,0,0,0,0,0,0,0,0,0,0,0,0,0,0,0,0,0,0,0,0,0,0,0,0,0]} 1. d4 Nf6 2. c4 g6 3. Nc3 d5 4. Nf3 Bg7 5. h4 c6 6. Bg5 {D90: Grünfeld: 4 Nf3 Bg7 sidelines} (6. cxd5 cxd5 7. Bf4 Nc6 8. e3 O-O 9. Qb3 Na5 10. Qa3 Nc4 11. Bxc4 dxc4 12. O-O Bd7 {½-½ (74) Fedoseev,V (2724)-Carlsen,M (2835) Wijk aan Zee 2019}) 6... Ne4 (6... dxc4 $11 7. e4 b5) 7. e3 $14 Qa5 8. Qb3 {White is slightly better.} Nd7 {[%cal Bb8d7,Bd7c5,Bc5a4,Ba4c3][%mdl 32]} 9. Be2 $146 {[#]} (9. Rc1 $11) ({Predecessor:} 9. Bd3 Nxc3 10. bxc3 h6 11. Bf4 Nf6 12. O-O O-O {1-0 (24) Gareyev,T (2592)-Zulfic,F (2156) Bangkog 2018}) 9... Ndc5 $1 $17 {[%cal Rc5b3][%mdl 512]} 10. Qc2 {[#]} (10. dxc5 Nxc3) 10... Bf5 $1 $36 {[%mdl 2048] Black is on the roll.} 11. Qc1 Na4 12. O-O Naxc3 13. bxc3 Nxc3 14. Qd2 Nxe2+ 15. Qxe2 h6 16. Bf4 O-O 17. c5 Bg4 18. Rab1 b5 19. cxb6 axb6 20. Bc7 Qxa2 21. Qxa2 Rxa2 22. Rxb6 Bxf3 23. gxf3 Rc2 24. Rfb1 Bf6 25. Bg3 Kg7 ({Better is} 25... c5 $17 26. dxc5 Rc8) 26. Rb7 $15 Rc8 27. Rd7 c5 28. Rxd5 ({White should try} 28. dxc5 R8xc5 29. Rbb7) 28... cxd4 $17 29. e4 {Black should prevent e5.} R8c5 30. Rd7 Rh5 31. Rbb7 Bxh4 32. Bxh4 Rxh4 33. Rxd4 $2 {[%mdl 12288] Endgame KRR-KRR} (33. Rxe7 $17 Rf4 34. Rb3) 33... e6 (33... Rc1+ $142 34. Kg2 g5) 34. Rd3 g5 {aiming for ...Rc1+.} 35. Kg2 Rf4 36. Rbb3 Rc5 37. Rdc3 Rxc3 38. Rxc3 {KR-KR} g4 (38... h5 $17 39. Rc7 Kh6) 39. fxg4 $15 Rxg4+ 40. Kf3 h5 41. Rc5 Kh6 42. Rc8 e5 43. Rh8+ Kg5 44. Ke3 Kh4 45. Rh7 f6 46. Rh6 Kg5 47. Rh8 Kg6 48. Kf3 Rg5 49. Rg8+ Kh7 50. Rb8 h4 ({Black should play} 50... Rg4 $15) 51. Rb1 $11 {The position is equal.} Kg6 52. Rb8 Kh7 53. Rb7+ Kh6 54. Rb8 Rg7 55. Rh8+ Kg5 56. Rf8 Rg6 57. Rh8 Rg7 58. Rf8 Rh7 59. Rg8+ Kh5 60. Rb8 Kg6 61. Kg4 h3 {...h2 is the strong threat.} 62. Rb1 h2 63. Rh1 Rh8 64. Kg3 Kg5 65. f3 f5 66. exf5 $1 Kxf5 67. Rxh2 Rxh2 68. Kxh2 {Accuracy: White = 58%, Black = 57%.} 1/2-1/2

[Event "World Team-ch Women 2019"]
[Site "Astana"]
[Date "2019.03.14"]
[Round "9.6"]
[White "Kosteniuk, Alexandra"]
[Black "Arabidze, Meri"]
[Result "1/2-1/2"]
[WhiteElo "2545"]
[BlackElo "2392"]
[Annotator "TA"]
[PlyCount "78"]
[EventDate "2019.02.05"]
[EventType "team-tourn"]
[EventCountry "KAZ"]
[SourceTitle "playchess.com"]
[Source "ChessBase"]
[SourceQuality "1"]
[WhiteTeam "Russia"]
[BlackTeam "Georgia"]
[WhiteTeamCountry "RUS"]
[BlackTeamCountry "GEO"]

{[%evp 26,78,21,0,21,0,67,68,62,62,138,125,122,123,113,109,103,30,137,32,133,120,121,55,134,62,72,72,75,63,59,59,61,0,0,0,0,0,0,0,0,0,0,0,0,0,0,0,0,0,0,0,0,0,0]} 1. e4 c5 2. Nf3 e6 3. d4 cxd4 4. Nxd4 Nc6 5. Nc3 Qc7 6. Be3 a6 7. Be2 Nf6 8. O-O Be7 9. f4 d6 10. Qe1 O-O 11. Qg3 Nxd4 12. Bxd4 b5 13. a3 Bb7 14. Rae1 Rad8 {B85: Sicilian Scheveningen: 6 Be2 a6, lines with early Be3} 15. Bf3 (15. Bd3 Bc6 16. Qh3 e5 17. Bf2 Qc8 18. f5 h6 19. Bh4 g5 20. fxg6 Qxh3 21. gxf7+ Rxf7 22. gxh3 Rdf8 23. Bxf6 Rxf6 24. Rxf6 Rxf6 {½-½ (45) Kamsky,G (2666)-Grachev,B (2626) St Petersburg 2018}) 15... Bc6 (15... d5 $11) 16. Nd5 $1 $14 {[%cal Rd5f6]} exd5 {White is slightly better.} 17. exd5 $40 {[%mdl 128] White attacks.} Ba8 {[#]} (17... Bxd5 $14 18. Bxd5 g6) 18. Rxe7 $1 $16 {[%mdl 512]} Qxe7 19. Re1 {[#]} Qxe1+ $1 {[%mdl 512]} 20. Qxe1 {And now Qh4 would win.} Nxd5 {[#]} 21. f5 $146 (21. Qh4 $1 $16 Nc7 22. f5) ({Predecessor:} 21. g3 Rfe8 {½-½ (48) Bartczak,K (1991)-Stoma,P (2272) Lublin 2007}) 21... f6 {[#]} (21... Rfe8 $11 22. Qd2 h6) 22. Qd2 (22. Qe6+ $6 Kh8 $14) ({Better is} 22. Qa5 $1 $16) 22... Rde8 ({Black should try} 22... Ne7 $14) 23. Bf2 Re5 24. g4 (24. Bg3 $16 Rxf5 25. Qd3 (25. Bxd6 Re8 $14) 25... Rxf3 26. Qxf3 (26. gxf3 Re8 $16)) 24... h5 (24... Ne7 $14 25. Bxa8 Rxa8) 25. h3 ({Reject} 25. gxh5 $6 Ne7 $11) (25. Bg3 $16 hxg4 26. Bxg4 (26. Bxe5 gxf3 27. Bxd6 Re8 $11)) 25... hxg4 $14 26. hxg4 Ne7 27. Bxa8 Rxa8 28. Qxd6 Rc8 29. Bd4 ({Weaker is} 29. Qxa6 Rxc2 30. Kf1 Rd5 $17) (29. c3 $14) 29... Re4 $11 {The position is equal.} 30. Kf2 {Kf3 is the strong threat.} Rxc2+ 31. Kf3 Ree2 32. g5 Nc6 $1 {[%cal Rc6d4]} ({Much worse is} 32... fxg5 $6 33. f6 $16) 33. Bc3 Rf2+ 34. Kg3 Rg2+ 35. Kh3 Rh2+ 36. Kg3 Rhg2+ 37. Kh3 Rh2+ 38. Kg3 Rhg2+ 39. Kh3 Rh2+ {Accuracy: White = 45%, Black = 51%.} 1/2-1/2

[Event "World Team-ch Women 2019"]
[Site "Astana"]
[Date "2019.03.14"]
[Round "9.7"]
[White "Javakhishvili, Lela"]
[Black "Gunina, Valentina"]
[Result "1/2-1/2"]
[WhiteElo "2455"]
[BlackElo "2515"]
[Annotator "TA"]
[PlyCount "107"]
[EventDate "2019.02.05"]
[EventType "team-tourn"]
[EventCountry "KAZ"]
[SourceTitle "playchess.com"]
[Source "ChessBase"]
[SourceQuality "1"]
[WhiteTeam "Georgia"]
[BlackTeam "Russia"]
[WhiteTeamCountry "GEO"]
[BlackTeamCountry "RUS"]

{[%evp 9,107,16,9,7,12,7,12,6,7,-10,0,1,0,0,0,0,0,-7,-9,-15,-10,-19,-2,-29,0,0,0,-29,-21,-48,-51,-39,-40,-73,-45,-66,-54,-114,-114,-99,-82,-112,-104,-102,-105,-104,-115,-107,-118,-115,-132,-130,-31,-29,-8,-6,-4,-8,0,0,0,0,0,0,0,0,8,0,0,0,0,0,0,2,9,0,0,0,0,0,0,0,0,0,0,0,0,0,0,0,0,0,0,0,0,0,0,0,0,0]} 1. Nf3 d5 2. d3 c6 (2... c5 3. g3 Nc6 4. Bg2 e5 5. O-O Be7 6. c4 d4 7. e3 Nf6 8. exd4 exd4 9. Bg5 O-O 10. Re1 h6 11. Bxf6 Bxf6 12. Nbd2 Bf5 13. Ne4 Be7 14. a3 Qc7 15. Nfd2 Rae8 16. f4 Bc8 {0-1 (49) Ponkratov,P (2630)-Yilmaz,M (2636) St Petersburg 2018}) 3. Nbd2 Bg4 4. e4 e6 5. Be2 Nf6 6. O-O {A06: Réti Opening:1 Nf3 d5} Be7 7. h3 Bh5 8. b3 O-O 9. Bb2 a5 $146 ({Predecessor:} 9... Nbd7 10. e5 Ne8 11. Nh2 Bg6 12. f4 f6 13. Ndf3 fxe5 14. fxe5 {½-½ (76) Gabriel,J (2195)-Grund,H (2375) Schwaebisch Gmuend 1997}) 10. a3 c5 11. exd5 exd5 12. d4 Nc6 13. dxc5 Bxc5 14. Nh4 Bxe2 15. Qxe2 Re8 16. Qd3 Ne4 (16... Nh5 $5 {[%cal Rh5f4]} 17. Nhf3 Nf4 $15) 17. Nf5 Ne5 $36 {[%mdl 2048] Black has some pressure.} 18. Bxe5 (18. Qe2 {looks sharper.} Nxd2 19. Qxd2 Qf6 20. Nd4 Ng6 21. Rae1) 18... Rxe5 19. Nd4 Rc8 20. N2f3 Re8 21. Rfe1 Qf6 22. Re2 h5 23. c4 ({Better is} 23. Rae1 $15) 23... dxc4 $17 24. bxc4 Bxd4 25. Qxd4 Qxd4 26. Nxd4 Rxc4 27. Nb3 {[#]} Ra8 $1 28. Rae1 Nf6 29. Re7 a4 30. Nd2 {[#]} Rc2 (30... Rc3 $1 $17 31. Ra1 Rd8) 31. Ne4 $15 Nxe4 32. R1xe4 $11 {[%mdl 4096] Endgame KRR-KRR. The position is equal.} b5 33. Rf4 Rf8 34. Rb7 Rb2 {[#]} 35. Rxa4 $1 {[%mdl 576] Pin} Rxf2 (35... bxa4 36. Rxb2) 36. Rxb5 Ra2 37. Rxh5 Rd8 38. Kh2 {Threatens to win with Rah4.} (38. Rha5 {is more complex.} Rd1+ 39. Kh2 g6 40. Rg4 Kh7 41. h4) 38... g6 39. Rg5 Kg7 40. Ra7 Rd6 41. Rg4 Rf6 42. a4 Rff2 43. Rb7 Kh6 44. Rh4+ Kg7 45. Rg4 Kh6 46. Rb6 Rf1 47. Rh4+ Kg7 48. Rg4 Kh6 49. Rc6 Raa1 50. Kg3 Ra3+ 51. Kh2 $1 Raa1 52. Kg3 Ra3+ 53. Kh2 $1 Raa1 54. Kg3 {Accuracy: White = 63%, Black = 76%.} 1/2-1/2

[Event "World Team-ch Women 2019"]
[Site "Astana"]
[Date "2019.03.14"]
[Round "9.8"]
[White "Goryachkina, Aleksandra"]
[Black "Batsiashvili, Nino"]
[Result "1/2-1/2"]
[WhiteElo "2504"]
[BlackElo "2454"]
[Annotator "TA"]
[PlyCount "85"]
[EventDate "2019.02.05"]
[EventType "team-tourn"]
[EventCountry "KAZ"]
[SourceTitle "playchess.com"]
[Source "ChessBase"]
[SourceQuality "1"]
[WhiteTeam "Russia"]
[BlackTeam "Georgia"]
[WhiteTeamCountry "RUS"]
[BlackTeamCountry "GEO"]

{[%evp 18,85,23,17,34,0,0,0,0,0,0,0,18,7,13,7,14,7,7,0,0,15,14,3,42,37,30,33,55,56,68,69,80,70,64,5,5,3,3,8,37,34,32,34,29,16,23,0,0,0,14,0,0,0,0,0,0,0,0,0,0,0,0,0,0,0,0,0,0,0]} 1. d4 Nf6 2. c4 e6 3. g3 c5 4. d5 exd5 5. cxd5 d6 6. Nc3 g6 7. Nf3 Bg7 8. Bg2 O-O 9. O-O Re8 10. Bf4 Bf5 {A62: Modern Benoni: Fianchetto Variation without early ...Nbd7} 11. a4 $146 (11. Nh4 $5 {[%cal Rh4f5]}) ({Predecessor:} 11. Bg5 h6 12. Bxf6 Bxf6 13. Nd2 Bc8 14. Nc4 Bxc3 15. bxc3 b5 16. Nd2 Nd7 17. Re1 a5 18. Qc2 {½-½ (29) Tomashevsky,E (2702)-Svidler,P (2763) Palma de Mallorca 2017}) 11... Ne4 12. Nd2 Nxc3 13. bxc3 g5 14. e4 Bg6 15. Be3 Nd7 16. f4 gxf4 17. gxf4 {[#] Hoping for f5.} f5 18. Nc4 $36 {[%mdl 2048] Black is under pressure.} Qf6 19. e5 dxe5 20. fxe5 Nxe5 21. Nxe5 Qxe5 22. Bxc5 b6 23. Bd4 Qd6 24. a5 Be5 25. Bxe5 Qxe5 26. d6 ({White should try} 26. Qd2 $14) 26... Rad8 $11 27. d7 Re7 28. Qd5+ Qxd5 29. Bxd5+ Bf7 30. Bc6 Re6 $1 {[%cal Re6c6]} 31. Bb5 a6 32. axb6 (32. Rxf5 $2 axb5 33. a6 Rd6 $19) 32... Rxb6 {The position is equal.} ({Not} 32... axb5 $2 33. b7 $18) 33. Ba4 Be6 34. Rab1 Rxb1 35. Rxb1 {[%mdl 4096] Endgame KRB-KRB} Kf7 36. Rb7 Ke7 {[%cal Re6d7]} 37. Ra7 Bxd7 38. Kf2 Ke6 39. Rxa6+ Ke5 40. Ra5+ Ke6 41. Ra6+ Ke5 42. Ra5+ Ke6 43. Ra6+ {Accuracy: White = 58%, Black = 78%.} 1/2-1/2

[Event "World Team-ch Women 2019"]
[Site "Astana"]
[Date "2019.03.14"]
[Round "9.9"]
[White "Hoang, Thanh Trang"]
[Black "Karavade, Eesha"]
[Result "1/2-1/2"]
[WhiteElo "2454"]
[BlackElo "2357"]
[Annotator "RC"]
[PlyCount "62"]
[EventDate "2019.02.05"]
[EventType "team-tourn"]
[EventCountry "KAZ"]
[SourceTitle "playchess.com"]
[Source "ChessBase"]
[SourceQuality "1"]
[WhiteTeam "Hungary"]
[BlackTeam "India"]
[WhiteTeamCountry "HUN"]
[BlackTeamCountry "IND"]
[TimeControl "40/5400+30:1800+30"]

1. d4 {[%emt 0:00:00]} Nf6 {[%emt 0:00:00]} 2. Nf3 {[%emt 0:00:00]} e6 {[%emt 0:00:22]} 3. e3 {[%emt 0:00:30]} b6 {[%emt 0:00:45]} 4. Bd3 {[%emt 0:00:22]} Bb7 {[%emt 0:00:27]} 5. O-O {[%emt 0:00:28]} d5 {[%emt 0:00:45]} 6. b3 {[%emt 0:02:51]} Bd6 {[%emt 0:01:38]} 7. Bb2 {[%emt 0:00:25]} Nbd7 {[%emt 0:00:37]} 8. Nbd2 {[%emt 0:01:40]} O-O {[%emt 0:01:00]} 9. c4 {[%emt 0:01:47]} Ne4 {[%emt 0:04:26]} 10. Rc1 {[%emt 0:03:25]} Qe7 {[%emt 0:07:51]} 11. Qc2 {[%emt 0:10:20]} f5 {[%emt 0:08:55]} 12. Ne5 {[%emt 0:09:48]} Nxd2 {[%emt 0:05:54]} 13. Qxd2 {[%emt 0:00:21]} Nxe5 {[%emt 0:00:13]} 14. dxe5 {[%emt 0:00:20]} Bc5 {[%emt 0:00:12]} 15. cxd5 {[%emt 0:05:07]} Bxd5 {[%emt 0:00:07]} 16. Bc4 {[%emt 0:05:02]} Rad8 {[%emt 0:03:50]} 17. Qe2 {[%emt 0:01:31]} f4 {[%emt 0:06:10]} 18. Bxd5 {[%emt 0:09:13]} Rxd5 {[%emt 0:01:27]} 19. exf4 {[%emt 0:02:26]} Rxf4 {[%emt 0:00:13]} 20. g3 {[%emt 0:04:00]} Rf8 {[%emt 0:03:30]} 21. Kg2 {[%emt 0:01:04]} Qd7 {[%emt 0:01:22]} 22. Bc3 {[%emt 0:01:42]} Bd4 {[%emt 0:10:37]} 23. Bxd4 {[%emt 0:06:39]} Rxd4 {[%emt 0:00:46]} 24. Rfd1 {[%emt 0:03:57]} c5 {[%emt 0:02:39]} 25. Rxd4 {[%emt 0:00:20]} cxd4 {[%emt 0:04:23]} 26. Rd1 {[%emt 0:04:26]} Qd5+ {[%emt 0:02:36]} 27. f3 {[%emt 0:02:48]} Rf5 {[%emt 0:01:09]} 28. Qf2 {[%emt 0:07:25]} d3 {[%emt 0:09:48]} 29. Qf1 {[%emt 0:00:13]} Qxe5 {[%emt 0:02:27]} 30. Qxd3 {[%emt 0:01:24]} Rf8 {[%emt 0:00:08]} 31. Rd2 {[%emt 0:00:35]} Qf5 {[%emt 0:01:41]} 1/2-1/2